Name Every Pokémon (Alphabetical) - Statistics

General Stats
  • This quiz has been taken 498 times
  • The average score is 402 of 1025
Answer Stats
Name % Correct
Abra
74%
Bulbasaur
69%
Alakazam
68%
Articuno
66%
Charizard
65%
Charmander
64%
Blastoise
63%
Charmeleon
63%
Eevee
63%
Pikachu
63%
Abomasnow
62%
Arbok
62%
Arceus
61%
Butterfree
61%
Aerodactyl
60%
Aipom
60%
Beedrill
60%
Caterpie
60%
Ivysaur
60%
Dragonite
58%
Ambipom
57%
Dialga
57%
Aggron
56%
Espeon
56%
Flareon
56%
Jolteon
56%
Mew
56%
Raichu
56%
Squirtle
56%
Diglett
55%
Dragonair
55%
Dugtrio
55%
Glaceon
55%
Mewtwo
55%
Pidgeot
55%
Absol
54%
Arcanine
54%
Aron
54%
Azelf
54%
Chansey
54%
Chimchar
54%
Clefairy
54%
Cleffa
54%
Cyndaquil
54%
Dratini
54%
Ekans
54%
Electabuzz
54%
Gastly
54%
Geodude
54%
Golem
54%
Hitmonchan
54%
Hitmonlee
54%
Moltres
54%
Pichu
54%
Pidgeotto
54%
Umbreon
54%
Anorith
53%
Armaldo
53%
Bellsprout
53%
Blaziken
53%
Chikorita
53%
Elekid
53%
Gengar
53%
Graveler
53%
Jigglypuff
53%
Kakuna
53%
Pidgey
53%
Wartortle
53%
Clefable
52%
Croconaw
52%
Hitmontop
52%
Igglybuff
52%
Mankey
52%
Venusaur
52%
Altaria
51%
Amaura
51%
Darkrai
51%
Feraligatr
51%
Gardevoir
51%
Leafeon
51%
Metapod
51%
Palkia
51%
Weedle
51%
Avalugg
50%
Electrode
50%
Fearow
50%
Gyarados
50%
Haunter
50%
Kadabra
50%
Meowth
50%
Oshawott
50%
Rattata
50%
Sylveon
50%
Vaporeon
50%
Zapdos
50%
Aegislash
49%
Ariados
49%
Aurorus
49%
Azumarill
49%
Bagon
49%
Bayleef
49%
Combusken
49%
Deoxys
49%
Dewott
49%
Electivire
49%
Emboar
49%
Grimer
49%
Groudon
49%
Grovyle
49%
Koffing
49%
Litten
49%
Mr. Mime
49%
Mudkip
49%
Oddish
49%
Onix
49%
Ampharos
48%
Annihilape
48%
Archeops
48%
Azurill
48%
Fennekin
48%
Golbat
48%
Greninja
48%
Muk
48%
Alcremie
47%
Applin
47%
Arctovish
47%
Blissey
47%
Celebi
47%
Crobat
47%
Decidueye
47%
Donphan
47%
Empoleon
47%
Entei
47%
Exeggcute
47%
Garchomp
47%
Giratina
47%
Gloom
47%
Grotle
47%
Jynx
47%
Machamp
47%
Machoke
47%
Machop
47%
Magikarp
47%
Magmar
47%
Minun
47%
Snorlax
47%
Totodile
47%
Zubat
47%
Accelgor
46%
Alomomola
46%
Amoonguss
46%
Archen
46%
Arctozolt
46%
Axew
46%
Banette
46%
Bellossom
46%
Braixen
46%
Budew
46%
Buneary
46%
Buzzwole
46%
Cacnea
46%
Chespin
46%
Cinderace
46%
Delphox
46%
Dewgong
46%
Ditto
46%
Dodrio
46%
Exeggutor
46%
Froakie
46%
Gallade
46%
Goldeen
46%
Incineroar
46%
Infernape
46%
Kabuto
46%
Kangaskhan
46%
Kirlia
46%
Kyogre
46%
Kyurem
46%
Magmortar
46%
Magnemite
46%
Marshtomp
46%
Nidoking
46%
Nidoqueen
46%
Nidoran♀
46%
Nidoran♂
46%
Ninetales
46%
Piplup
46%
Raticate
46%
Regice
46%
Snivy
46%
Spearow
46%
Tepig
46%
Vulpix
46%
Wigglytuff
46%
Xerneas
46%
Zekrom
46%
Appletun
45%
Basculin
45%
Beldum
45%
Bunnelby
45%
Cacturne
45%
Cascoon
45%
Chesnaught
45%
Corphish
45%
Cresselia
45%
Doduo
45%
Electrike
45%
Emolga
45%
Happiny
45%
Ho-Oh
45%
Jirachi
45%
Magby
45%
Quilava
45%
Ralts
45%
Rapidash
45%
Tentacool
45%
Uxie
45%
Zygarde
45%
Buizel
44%
Camerupt
44%
Chandelure
44%
Corsola
44%
Dartrix
44%
Drifloon
44%
Eelektrik
44%
Eelektross
44%
Florges
44%
Gabite
44%
Goomy
44%
Heatran
44%
Horsea
44%
Houndoom
44%
Kabutops
44%
Krabby
44%
Lapras
44%
Lunala
44%
Magnezone
44%
Mesprit
44%
Nidorino
44%
Persian
44%
Plusle
44%
Regirock
44%
Reshiram
44%
Sandshrew
44%
Servine
44%
Tentacruel
44%
Torchic
44%
Weezing
44%
Baltoy
43%
Bastiodon
43%
Beautifly
43%
Bisharp
43%
Blitzle
43%
Boltund
43%
Braviary
43%
Brionne
43%
Burmy
43%
Chingling
43%
Crawdaunt
43%
Cursola
43%
Diancie
43%
Drilbur
43%
Dudunsparce
43%
Dunsparce
43%
Flabébé
43%
Frogadier
43%
Fuecoco
43%
Gible
43%
Golduck
43%
Goodra
43%
Houndour
43%
Keldeo
43%
Larvitar
43%
Lickitung
43%
Linoone
43%
Lotad
43%
Lucario
43%
Magneton
43%
Natu
43%
Nidorina
43%
Porygon
43%
Regidrago
43%
Registeel
43%
Sandslash
43%
Scyther
43%
Seel
43%
Starmie
43%
Swampert
43%
Turtwig
43%
Tyrogue
43%
Victreebel
43%
Yanma
43%
Araquanid
42%
Arctibax
42%
Audino
42%
Barboach
42%
Beartic
42%
Bibarel
42%
Bidoof
42%
Brute Bonnet
42%
Carvanha
42%
Charjabug
42%
Chimecho
42%
Cobalion
42%
Corviknight
42%
Cradily
42%
Cubone
42%
Dedenne
42%
Deino
42%
Drizzile
42%
Dustox
42%
Excadrill
42%
Farfetch'd
42%
Floette
42%
Gothitelle
42%
Gothorita
42%
Grookey
42%
Hariyama
42%
Illumise
42%
Iron Bundle
42%
Iron Hands
42%
Joltik
42%
Kingler
42%
Landorus
42%
Litwick
42%
Lugia
42%
Luxio
42%
Luxray
42%
Mime Jr.
42%
Omanyte
42%
Omastar
42%
Pinsir
42%
Ponyta
42%
Regigigas
42%
Samurott
42%
Serperior
42%
Solgaleo
42%
Tauros
42%
Vileplume
42%
Zigzagoon
42%
Arboliva
41%
Arrokuda
41%
Clodsire
41%
Conkeldurr
41%
Cosmog
41%
Dracovish
41%
Drowzee
41%
Dusclops
41%
Dusknoir
41%
Floragato
41%
Foongus
41%
Froslass
41%
Gothita
41%
Growlithe
41%
Gurdurr
41%
Hypno
41%
Inteleon
41%
Iron Moth
41%
Iron Thorns
41%
Iron Treads
41%
Karrablast
41%
Lombre
41%
Makuhita
41%
Mamoswine
41%
Meganium
41%
Miltank
41%
Misdreavus
41%
Mismagius
41%
Quaxly
41%
Sneasel
41%
Staryu
41%
Treecko
41%
Weepinbell
41%
Yanmega
41%
Yveltal
41%
Archaludon
40%
Bergmite
40%
Blacephalon
40%
Bounsweet
40%
Breloom
40%
Bronzong
40%
Calyrex
40%
Chinchou
40%
Clamperl
40%
Cloyster
40%
Cofagrigus
40%
Combee
40%
Cosmoem
40%
Cranidos
40%
Darmanitan
40%
Darumaka
40%
Doublade
40%
Dragapult
40%
Drampa
40%
Dreepy
40%
Drifblim
40%
Druddigon
40%
Durant
40%
Duskull
40%
Eiscue
40%
Escavalier
40%
Floatzel
40%
Glalie
40%
Great Tusk
40%
Hoopa
40%
Hoothoot
40%
Iron Valiant
40%
Kingdra
40%
Latios
40%
Mantine
40%
Mantyke
40%
Mareep
40%
Meloetta
40%
Munchlax
40%
Noctowl
40%
Popplio
40%
Porygon2
40%
Prinplup
40%
Quagsire
40%
Quaquaval
40%
Rayquaza
40%
Salamence
40%
Sceptile
40%
Scizor
40%
Seaking
40%
Seviper
40%
Shinx
40%
Snover
40%
Sprigatito
40%
Thundurus
40%
Tornadus
40%
Torterra
40%
Tyranitar
40%
Voltorb
40%
Xatu
40%
Yamask
40%
Aromatisse
39%
Barraskewda
39%
Basculegion
39%
Bewear
39%
Blipbug
39%
Bonsly
39%
Bronzor
39%
Bruxish
39%
Carracosta
39%
Celesteela
39%
Chatot
39%
Claydol
39%
Corvisquire
39%
Crabominable
39%
Cubchoo
39%
Cufant
39%
Delibird
39%
Diggersby
39%
Dipplin
39%
Dracozolt
39%
Ducklett
39%
Duosion
39%
Duraludon
39%
Enamorus
39%
Feebas
39%
Finneon
39%
Flaaffy
39%
Forretress
39%
Furret
39%
Galvantula
39%
Garbodor
39%
Girafarig
39%
Gligar
39%
Gliscor
39%
Golurk
39%
Guzzlord
39%
Hawlucha
39%
Heatmor
39%
Heracross
39%
Herdier
39%
Hoppip
39%
Huntail
39%
Iron Crown
39%
Koraidon
39%
Krokorok
39%
Krookodile
39%
Lairon
39%
Lampent
39%
Larvesta
39%
Latias
39%
Lileep
39%
Lillipup
39%
Litleo
39%
Ludicolo
39%
Luvdisc
39%
Manaphy
39%
Miraidon
39%
Monferno
39%
Numel
39%
Nuzleaf
39%
Obstagoon
39%
Pansear
39%
Phanpy
39%
Pignite
39%
Poliwag
39%
Porygon-Z
39%
Primarina
39%
Primeape
39%
Psyduck
39%
Pupitar
39%
Raikou
39%
Regieleki
39%
Rhydon
39%
Riolu
39%
Rowlet
39%
Slowking
39%
Slowpoke
39%
Sobble
39%
Steelix
39%
Suicune
39%
Teddiursa
39%
Typhlosion
39%
Ursaring
39%
Weavile
39%
Wobbuffet
39%
Zangoose
39%
Baxcalibur
38%
Beheeyem
38%
Binacle
38%
Boldore
38%
Castform
38%
Croagunk
38%
Crocalor
38%
Drapion
38%
Fletchling
38%
Flutter Mane
38%
Golett
38%
Gorebyss
38%
Grubbin
38%
Honchkrow
38%
Hydreigon
38%
Lickilicky
38%
Lopunny
38%
Lunatone
38%
Marill
38%
Meowscarada
38%
Mr. Rime
38%
Nihilego
38%
Paras
38%
Phione
38%
Piloswine
38%
Poliwrath
38%
Rampardos
38%
Rhyhorn
38%
Rhyperior
38%
Rufflet
38%
Sharpedo
38%
Shelgon
38%
Shieldon
38%
Silcoon
38%
Slowbro
38%
Starly
38%
Swinub
38%
Togepi
38%
Torracat
38%
Unown
38%
Ursaluna
38%
Volcanion
38%
Xurkitree
38%
Zacian
38%
Barbaracle
37%
Crabrawler
37%
Deerling
37%
Delcatty
37%
Dhelmise
37%
Espurr
37%
Ferroseed
37%
Flygon
37%
Fraxure
37%
Gastrodon
37%
Honedge
37%
Impidimp
37%
Kartana
37%
Kingambit
37%
Lanturn
37%
Leavanny
37%
Ledyba
37%
Magcargo
37%
Magearna
37%
Mandibuzz
37%
Marowak
37%
Meditite
37%
Ninjask
37%
Pachirisu
37%
Pansage
37%
Poliwhirl
37%
Quaxwell
37%
Qwilfish
37%
Rillaboom
37%
Shaymin
37%
Sliggoo
37%
Smeargle
37%
Smoochum
37%
Snorunt
37%
Spheal
37%
Spinda
37%
Staravia
37%
Tapu Koko
37%
Tapu Lele
37%
Timburr
37%
Toedscool
37%
Togekiss
37%
Torkoal
37%
Venomoth
37%
Victini
37%
Wailmer
37%
Wailord
37%
Wingull
37%
Bouffalant
36%
Cinccino
36%
Clobbopus
36%
Coalossal
36%
Copperajah
36%
Cottonee
36%
Cramorant
36%
Cryogonal
36%
Drakloak
36%
Eternatus
36%
Ferrothorn
36%
Fezandipiti
36%
Fidough
36%
Frigibax
36%
Frosmoth
36%
Glameow
36%
Gogoat
36%
Granbull
36%
Hatterene
36%
Hydrapple
36%
Iron Jugulis
36%
Iron Leaves
36%
Jumpluff
36%
Kleavor
36%
Klefki
36%
Kommo-o
36%
Lycanroc
36%
Medicham
36%
Metang
36%
Morpeko
36%
Murkrow
36%
Nincada
36%
Octillery
36%
Panpour
36%
Parasect
36%
Pheromosa
36%
Quilladin
36%
Reuniclus
36%
Roggenrola
36%
Sandile
36%
Scolipede
36%
Scorbunny
36%
Shuppet
36%
Skarmory
36%
Skeledirge
36%
Slaking
36%
Sneasler
36%
Staraptor
36%
Swablu
36%
Tangela
36%
Terrakion
36%
Toedscruel
36%
Togetic
36%
Trubbish
36%
Venonat
36%
Virizion
36%
Vivillon
36%
Volcarona
36%
Wurmple
36%
Wynaut
36%
Yamper
36%
Zorua
36%
Zweilous
36%
Armarouge
35%
Bombirdier
35%
Carkol
35%
Clauncher
35%
Clawitzer
35%
Crustle
35%
Cutiefly
35%
Dachsbun
35%
Dewpider
35%
Dondozo
35%
Dottler
35%
Dragalge
35%
Drednaw
35%
Elgyem
35%
Exploud
35%
Farigiraf
35%
Frillish
35%
Genesect
35%
Gigalith
35%
Glastrier
35%
Golisopod
35%
Gourgeist
35%
Grapploct
35%
Haxorus
35%
Inkay
35%
Kecleon
35%
Klawf
35%
Ledian
35%
Metagross
35%
Munna
35%
Nosepass
35%
Overqwil
35%
Pelipper
35%
Pineco
35%
Roaring Moon
35%
Roselia
35%
Rotom
35%
Seedot
35%
Simisage
35%
Simisear
35%
Slugma
35%
Solrock
35%
Stakataka
35%
Sunflora
35%
Tapu Fini
35%
Tynamo
35%
Tyrunt
35%
Unfezant
35%
Walrein
35%
Whiscash
35%
Wooper
35%
Zamazenta
35%
Zebstrika
35%
Ceruledge
34%
Cherrim
34%
Cherubi
34%
Dolliv
34%
Dwebble
34%
Falinks
34%
Flamigo
34%
Flapple
34%
Fletchinder
34%
Fomantis
34%
Grumpig
34%
Gulpin
34%
Hatenna
34%
Hattrem
34%
Indeedee
34%
Jangmo-o
34%
Jellicent
34%
Liepard
34%
Marshadow
34%
Mightyena
34%
Milotic
34%
Minior
34%
Necrozma
34%
Noibat
34%
Orbeetle
34%
Raboot
34%
Relicanth
34%
Remoraid
34%
Rockruff
34%
Roserade
34%
Sableye
34%
Sawk
34%
Scream Tail
34%
Sealeo
34%
Shellder
34%
Simipour
34%
Sinistea
34%
Slakoth
34%
Solosis
34%
Swanna
34%
Vigoroth
34%
Volbeat
34%
Vullaby
34%
Wiglett
34%
Wugtrio
34%
Zeraora
34%
Zoroark
34%
Bellibolt
33%
Capsakid
33%
Carbink
33%
Chewtle
33%
Chien-Pao
33%
Comfey
33%
Dubwool
33%
Garganacl
33%
Gholdengo
33%
Gimmighoul
33%
Gouging Fire
33%
Greedent
33%
Grimmsnarl
33%
Gumshoos
33%
Hakamo-o
33%
Iron Boulder
33%
Lilligant
33%
Mabosstiff
33%
Manectric
33%
Mawile
33%
Mienfoo
33%
Minccino
33%
Mothim
33%
Mudbray
33%
Musharna
33%
Nacli
33%
Noivern
33%
Pidove
33%
Pyroar
33%
Seadra
33%
Seismitoad
33%
Sewaddle
33%
Shelmet
33%
Slither Wing
33%
Sunkern
33%
Tapu Bulu
33%
Throh
33%
Togedemaru
33%
Tranquill
33%
Tympole
33%
Tyrantrum
33%
Venipede
33%
Vikavolt
33%
Whirlipede
33%
Wooloo
33%
Brambleghast
32%
Bramblin
32%
Centiskorch
32%
Chi-Yu
32%
Cyclizar
32%
Eldegoss
32%
Furfrou
32%
Gossifleur
32%
Heliolisk
32%
Helioptile
32%
Kilowattrel
32%
Klang
32%
Klink
32%
Klinklang
32%
Kubfu
32%
Loudred
32%
Maractus
32%
Maushold
32%
Mienshao
32%
Milcery
32%
Mimikyu
32%
Morgrem
32%
Mudsdale
32%
Naclstack
32%
Naganadel
32%
Ogerpon
32%
Palpitoad
32%
Pawniard
32%
Perrserker
32%
Petilil
32%
Phantump
32%
Poipole
32%
Politoed
32%
Polteageist
32%
Poochyena
32%
Probopass
32%
Pumpkaboo
32%
Purrloin
32%
Raging Bolt
32%
Rookidee
32%
Runerigus
32%
Sandy Shocks
32%
Scatterbug
32%
Sentret
32%
Shiftry
32%
Shroomish
32%
Sirfetch'd
32%
Skitty
32%
Skorupi
32%
Smoliv
32%
Snubbull
32%
Spewpa
32%
Spinarak
32%
Spiritomb
32%
Stantler
32%
Stoutland
32%
Sudowoodo
32%
Swirlix
32%
Swoobat
32%
Talonflame
32%
Tangrowth
32%
Thwackey
32%
Tirtouga
32%
Toucannon
32%
Trapinch
32%
Urshifu
32%
Vanillite
32%
Vanilluxe
32%
Varoom
32%
Watchog
32%
Whismur
32%
Woobat
32%
Wormadam
32%
Wyrdeer
32%
Yungoos
32%
Zarude
32%
Carnivine
31%
Cetitan
31%
Cetoddle
31%
Charcadet
31%
Flittle
31%
Hippopotas
31%
Lumineon
31%
Maschiff
31%
Meltan
31%
Munkidori
31%
Okidogi
31%
Oranguru
31%
Pancham
31%
Pangoro
31%
Pecharunt
31%
Pikipek
31%
Salandit
31%
Salazzle
31%
Sandaconda
31%
Spectrier
31%
Spritzee
31%
Swellow
31%
Toxel
31%
Toxtricity
31%
Trevenant
31%
Vanillish
31%
Vespiquen
31%
Finizen
30%
Glimmet
30%
Hippowdon
30%
Kricketot
30%
Lokix
30%
Lurantis
30%
Melmetal
30%
Meowstic
30%
Orthworm
30%
Palossand
30%
Passimian
30%
Patrat
30%
Purugly
30%
Rellor
30%
Scraggy
30%
Shedinja
30%
Shellos
30%
Sigilyph
30%
Skiploom
30%
Snom
30%
Spoink
30%
Steenee
30%
Swadloon
30%
Swalot
30%
Taillow
30%
Tropius
30%
Turtonator
30%
Walking Wake
30%
Espathra
29%
Glimmora
29%
Komala
29%
Lechonk
29%
Masquerain
29%
Oricorio
29%
Pawmi
29%
Pawmo
29%
Rabsca
29%
Scrafty
29%
Sinistcha
29%
Skiddo
29%
Slurpuff
29%
Spidops
29%
Stunky
29%
Terapagos
29%
Vibrava
29%
Wishiwashi
29%
Kricketune
28%
Mareanie
28%
Nymble
28%
Pawmot
28%
Pincurchin
28%
Poltchageist
28%
Pyukumuku
28%
Revavroom
28%
Ribombee
28%
Rolycoly
28%
Sandygast
28%
Sawsbuck
28%
Scovillain
28%
Stufful
28%
Tatsugiri
28%
Toxapex
28%
Toxicroak
28%
Trumbeak
28%
Tsareena
28%
Type: Null
28%
Wattrel
28%
Greavard
27%
Houndstone
27%
Malamar
27%
Morelull
27%
Oinkologne
27%
Silicobra
27%
Skrelp
27%
Skuntank
27%
Tandemaus
27%
Tinkaton
27%
Whimsicott
27%
Wimpod
27%
Palafin
26%
Silvally
26%
Squawkabilly
26%
Stunfisk
26%
Surskit
26%
Ting-Lu
26%
Veluza
26%
Grafaiai
25%
Shuckle
25%
Sizzlipede
25%
Skwovet
25%
Stonjourner
25%
Tinkatink
25%
Tinkatuff
25%
Wo-Chien
25%
Tadbulb
24%
Tarountula
24%
Nickit
23%
Shiinotic
23%
Thievul
23%
Shroodle
22%
No matching quizzes found
Score Distribution
Percent of People with Each Score
Percentile by Number Answered
Your Score History
You have not taken this quiz